Villes françaises par images - Statistiques

Statistiques générales
  • Ce quiz a été pris 268 fois
  • Le résultat moyen est 17 sur 27
Statistiques - réponses
Par images Hint Réponse % Correct
N Nice
97%
L Lille
94%
P Paris
93%
B Bordeaux
91%
V Versailles
91%
L Lyon
86%
S Strasbourg
82%
G Grenoble
77%
T Toulouse
77%
N Nantes
75%
C Carcassonne
74%
A Avignon
71%
Q Quimper
67%
D Dunkerque
61%
P Perpignan
61%
B Brest
57%
H Le Havre
57%
M Montpellier
56%
S Saint-Malo
56%
C Clermont Ferrand
50%
L Limoges
43%
D Dijon
41%
F Fréjus
31%
I Istres
27%
R La Roche-sur-Yon
24%
E Évry
15%
A Aix-en-Provence
12%
Aucun quiz correspondant
Distribution des résultats
% des personnes avec chaque résultat
Percentile par nombre de réponses
Votre historique - résultats
Vous n’avez pas pris ce quiz